000 00640nam a2200181 a 4500
001 000997678
003 AM-YeHGA
005 20250617150412.0
008 131225s1902 ||| r 000 0 rus d
040 _aAM-YeHGA
041 0 _arus
100 1 _aМоравский, С.П.
245 1 0 _aСредневековый идеалист :
_b(Людовик IX Святой) /
_cПед. о-во, сост. при Имп. Моск. Ун-те; Сост. С.П. Моравский.
260 _aМосква :
_bТ-во И.Д. Сытина,
_c1902.
300 _a56 с. :
_bил.
653 0 _aФранция - История
090 _c331974
999 _c330216
_d330216